000 00595nam a2200229 a 4500
001 nice12345678
003 IN_TiNIC
005 20260116011927.0
008 070628s1978 boma grp 000 0 urd
020 _a
_c100
082 0 0 _a297.814
_bHAJ
100 _aHajar, Alshsikh Ahmed Bin
245 _aHayat Shaikhul Islam Mohammad Bin Abdul Wahab
260 _aBombay
_bShethia Audio Vidio Pvt. Ltd.
_c1978
300 _a192p
500 _aincludes index and biblioraphy
650 _aWahabi
700 1 _aHajar, Alshsikh Ahmed Bin
902 _bSRS
942 _cBK
999 _c4930
_d4930